| 000 | 06699nam a22006734a 4500 | ||
|---|---|---|---|
| 005 | 20080430155615.0 | ||
| 008 | 070801s2007 ii b 000 0 eng | ||
| 010 | _aB-272546-573 | ||
| 020 |
_a9788184000160 _c395.00 |
||
| 035 | _aB-272546-573 | ||
| 035 | _aB-359065 | ||
| 037 | _aAakar/I-104/2.6.08/32/16.5.08/11.6.08 | ||
| 037 | _aGDMK | ||
| 040 |
_adpl _bEnglish |
||
| 082 |
_22007 _a080 |
||
| 245 |
_aGreat speeches of modern India / _cedited by Rudrangshu Mukherjee. |
||
| 260 |
_aNew Delhi : _bRandom House India, _c2007. |
||
| 300 |
_a452 p. ; _c24 cm. |
||
| 504 | _aIncludes bibliographical references (p. 452). | ||
| 650 | _aSpeeches, addresses, etc., Indic (English) | ||
| 651 |
_aIndia _xPolitics and government _y19th century. |
||
| 651 |
_aIndia _xPolitics and government _y20th century. |
||
| 651 |
_aIndia _xCivilization _y19th century. |
||
| 651 |
_aIndia _xCivilization _y20th century. |
||
| 700 | _aMukherjee, Rudrangshu. | ||
| 942 |
_2ddc _cEN _mGRE _h080 |
||
| 999 |
_c15954 _d15954 |
||